000 02140cam a22002174a 4500
005 20250605164354.0
008 250528s ||||||||||||||||||||||||d
035 _a24261
040 _aGR-AtMCL
_bgre
_dGR-AtMCL
_eAACR2
245 1 _aΔημιουργικό Εργαστήρι / Κατασκευάζω, Παίζω, Δημιουργώ
300 _a60
520 _aΟι Δώδεκα Μήνες - Ελληνικό Παραμύθι, Τα Δώρα των Φυτών, Παραδοσιακό Παραμύθι των Ιθαγενών της Αυστραλίας, Γυαλιά Παπαγάλου, Καπέλο Τζόκερ, Καπέλο Μεξικανού, Μικρά Λουλουδάκια - Καπέλα Φύτρωσαν μέσα στην Τάξη, Καπέλο Ψάρι, Καπέλο Αράχνη, Καπέλο Στέμμα από Καλαμάκια, Ινδιάνικό Καπέλο, Σκουφάκια Τερατάκια, Τερατάκια Σελιδοδείκτες, Μολυβοθήκη Κλόουν, Πολύχρωμα Κλοουνάκια, Κλόουν Κουτί για Κεράσματα, Αράχνη από Πιατάκια του Πάρτι, Μάσκα Μέλισσα - Πασχαλίτσα, Μάσκα Καμηλοπάρδαλη, Μάσκα Αιγύπτιος, Φαντεζί Μάσκα με Ασημόσκονη και Φτερά, Μάσκα Μονόκερως, Σπαθιά, Γλυκιά Κάρτα Καρδιά για του Αγίου Βαλεντίνου, Κάρτα Πρόσκληση Κλόουν, Κάρτα Μάγισσα, Κάρτα Κλόουν, Μόμπιλε Μάγισσα, Χιονανθρωπάκια, Η Νυφούλα του Χειμώνα, Καδράκι Πιγκουίνων, Ο Πουαντιγισμός στο Νηπιαγωγείο, Χαρταετός από Γλώσσοπιέστρα.
700 1 _aΔαμηλάκη Ρένα
_99436
700 1 _aΚανελλόπουλος Γρηγόρης
_99437
700 1 _aΚάντζου Νίκη
_99438
700 1 _aΛαμπρινέα Ζέτα
_99439
942 _cCR
260 _bΔίπτυχο
999 _c9151
_d9151